| 000 | 00384nam a2200145 a 4500 | ||
|---|---|---|---|
| 001 | 000031804 | ||
| 005 | 20200930063207.0 | ||
| 008 | 110706s2010 dr 000 0 spa d | ||
| 040 |
_aDO-SdBNP _bspa _cBNPHU |
||
| 082 |
_axxx _bB966 |
||
| 245 | 0 | 3 | _aLa búsqueda del arca perdida. |
| 260 |
_aSanto Domingo : _bPartido V República, _c2010. |
||
| 300 |
_a15 p. ; _c22 cm. |
||
| 049 | _aBNPD | ||
| 999 |
_c31296 _d31296 |
||